Sử dụng email thật là dễ
Zapisane w:
| Format: | Książka |
|---|---|
| Język: | Vietnamese |
| Wydane: |
Thống Kê
1999
|
| Hasła przedmiotowe: | |
| Etykiety: |
Dodaj etykietę
Nie ma etykietki, Dołącz pierwszą etykiete!
|
| Thư viện lưu trữ: | Mạng thư viện Đại học Đà Nẵng |
|---|
| LEADER | 01001nam a2200301 a 4500 | ||
|---|---|---|---|
| 001 | 000002077 | ||
| 003 | 03045 | ||
| 005 | 20171229145311.0 | ||
| 008 | 171229s1999 vie | ||
| 040 | |a LSK | ||
| 041 | 0 | |a VIE | |
| 082 | 0 | |a 004.67 |b QU-J | |
| 245 | 0 | 0 | |a Sử dụng email thật là dễ |c John S.Quarterman & Smoot Carl-Mitchell; CADASA biên dịch |
| 260 | |b Thống Kê |c 1999 | ||
| 300 | |a 268 pages |c 23 cm. | ||
| 653 | |a Internet - Thư điện tử | ||
| 852 | |a Phòng Đọc - Phòng Mượn | ||
| 901 | |a 5 | ||
| 927 | |a Sách tham khảo | ||
| OWN | |a LSK | ||
| AVA | |a UDN50 |b LSK |d 004.67 QU-J |e available |t Error 5001 Not defined in file expand_doc_bib_avail. |f 5 |g 0 |h N |i 0 |k 1 | ||
| 999 | |a From the UDN01 | ||
| AVA | |a UDN50 |b LSK |d 004.67 QU-J |e available |t Error 5001 Not defined in file expand_doc_bib_avail. |f 5 |g 0 |h N |i 0 |k 1 | ||
| TYP | |a Monograph | ||
| TYP | |a Printed language | ||
| 980 | |a Mạng thư viện Đại học Đà Nẵng | ||